00311nam a2200121Ia 4500008004100000020002200041041000800063100001700071245004600088260002800134300000800162999001900170230822s2018 xx 000 0 und d a978-981-07-4312-3 aeng aVARGHESE P C aDESIGN OF REINFORCED CONCRETE FOUNDATIONS bPHAIDON PRESS LTDc2018 a336 c859796d859796